00496 2200205 4500001002100000008004100021035002000062245006400082100001900146250000600165260002500171300001100196084001400207082000800221650001300229990001200242990001200254990001200266990001200278INLIS000000000000680 ind  a0010-0424000656 aEnsiklopedia Penjas; Keterampilan Sepak BolacClive Gifford aGifford, Clive a1 aKlaten :bSMKKc2007 a48 hlm a703 CLI e a703 aNonfiksi a0721774 a0721775 a0721776 a0721777